000 00862ngm a2200217 i 4500
001 bg
245 0 0 _aReforma systemu edukacji :
_bnowy ustrój szkolny, reforma programowa, system oceniania, awans nauczyciela, finansowanie oświaty, kalendarium reformy /
_cMinisterstwo Edukacji Narodowej.
260 _aWarszawa :
_bMinisterstwo Edukacji Narodowej,
_c1998.
300 _a1 kas. wiz. VHS (70 min.) :
_bdźw., kolor.
490 1 _aPowszechna Wideoteka Edukacyjna ;
_v1
650 9 _aOświata
_xpolityka
_zPolska
_yod 1989 r.
650 9 _aSzkolnictwo
_xreforma
_zPolska
_yod 1989 r.
655 _aDokumenty audiowizualne
710 0 _aPolska
_bMinisterstwo Edukacji Narodowej
830 _aPowszechna Wideoteka Edukacyjna ;
040 _cBPK
041 0 _apol
080 _a37.014.3(438)"1989/..."
942 _cTW
008 s pl f |000 0 pol
999 _c35289
_d35289
856 _uhttp://koha.tu.koszalin.pl/cgi-bin/koha/opac-detail.pl?biblionumber=35289
_yKatalog online BPK